| 000 | 00534nam a2200193Ia 4500 | ||
|---|---|---|---|
| 005 | 20250423101618.0 | ||
| 008 | 250422s9999 xx 000 0 und d | ||
| 020 | _a9781032670928 | ||
| 050 | _aHD 2769.2 .U53/ | ||
| 100 | _aEdited by Lisa A. Dicke and J. Steven Ott | ||
| 245 | 0 | _aUnderstanding nonprofit organizations | |
| 250 | _a3rd ed. | ||
| 260 | _aNew York | ||
| 260 | _bRoutledge | ||
| 260 | _c2024 | ||
| 300 | _a484 p | ||
| 650 | _a Nonprofit organizations--United States. Voluntarism--United States. | ||
| 942 | _cBK | ||
| 999 |
_c36756 _d36756 |
||